|
|
|
|
| LEADER |
00927nam a2200325 4500 |
| 001 |
DLU030023016 |
| 005 |
##20020401101242.0 |
| 008 |
##001221s2001 nyub b 001 0 eng |
| 010 |
# |
# |
|a 00054723
|
| 020 |
# |
# |
|a 0851994334 (alk. paper)
|
| 040 |
# |
# |
|a DLC
|c DLC
|d DLC
|
| 042 |
# |
# |
|a pcc
|
| 043 |
# |
# |
|a d------
|
| 050 |
# |
# |
|a G155.D44
|b T687 2001
|
| 082 |
# |
# |
|a 338.479 109 172 4
|b Tou
|
| 245 |
# |
# |
|a Tourism and the less developed world :
|b issues and case studies /
|c edited by David Harrison.
|
| 260 |
# |
# |
|a New York, N.Y. :
|b CABI Pub.,
|c c2001.
|
| 300 |
# |
# |
|a xi, 272 p. :
|b maps ;
|c cm.
|
| 504 |
# |
# |
|a Includes bibliographical references.
|
| 650 |
# |
# |
|a Tourism
|z Developing countries.
|
| 700 |
# |
# |
|a Harrison, David.
|
| 992 |
# |
# |
|a 103.90
|
| 994 |
# |
# |
|a DLU
|
| 900 |
# |
# |
|a True
|
| 911 |
# |
# |
|a Lê Thị Mạnh Xuân
|
| 925 |
# |
# |
|a G
|
| 926 |
# |
# |
|a A
|
| 927 |
# |
# |
|a SH
|
| 980 |
# |
# |
|a Thư viện Trường Đại học Đà Lạt
|